Регионална библиотека "Любен Каравелов" - Русе

Общо лесовъдство (Запис номер 182639)

MARC детайли
000 -Лидер
Контролно поле с фиксирана дължина nam a22 a 4500
003 - Код на организацията, давaща контролен номер
Контролно поле BLK
005 - Дата и час на последна редакция
Контролно поле 20220729151432.0
008 - Елементи от данни с фиксирана дължина
fixed length control field 180411b bul|||||r ||||||| ||bul||
010 ## - Наследен системен номер
LC control number KNG00191564000
040 ## - Източник на каталожния запис
Идентификатор на билиотеката - собственик на записа BLK
041 ## - Код за език
Код за езика на текст/звукозапис или на отделно заглавие Български
Код за езика КДБФ Български
080 ## - УДК
Текстов определител УДК Лесовъдство
УДК код - определител по УДК 630.2
УДК определител (075.8)
УДК - код + определител 630.2(075.8)
100 1# - Редна дума - Автор
Автор Даков, Мако Петров
Авторска отговорност първи автор
R(LIN) 383958
139 ## - Редно поле
Редна дума Даков, Мако Петров и др.
Авторски знак Дак - Д 14
245 10 - Сведения за заглавието
Заглавие Общо лесовъдство
Подзаглавни данни Учебник за студентите от ВЛТИ
Редно поле (дума) Мако Даков, Власи В. Власев ; ред. Мария Маринова.
250 ## - Област на изданието
Сведения за изданието 2. прераб. изд.
257 ## - Страна на издаване
Страна на създаване/издаване България
260 ## - Област на издателските данни
Място на издаване, разпространение и проч. София
Име на издателя, разпространителя и проч. Земиздат
Година на издаване 1972
300 ## - Физическа характеристика
Страници 419 с.
Илюстрации и др. с табл., ил.
Размери/Мащаб 25 см
380 ## - Жанр
Жанр Селско стопанство
504 ## - Забележка за наличие на библиография и др
Забележка за наличие на библиография и под. Библиогр. с. 413 - 414.
650 #4 - Допълнително описание по предмет – тема
Основно описание – тема или топоним Лесовъдство - учебници
9 (RLIN) 284838
653 ## - Ключова дума – ненормативна
Ключова дума лесовъдство
700 1# - Други автори (авторска отговорност)
Лично име Власев, Власи В.
Автороска отговорност (Описва отношението между автора и произведението) съавт.
9 (RLIN) 383959
700 1# - Други автори (авторска отговорност)
Лично име Маринова, Мария
Автороска отговорност (Описва отношението между автора и произведението) ред.
9 (RLIN) 378382
852 ## - Местоположение
Форматна сигнатура Цб 63520
Фондова буква Хранилище
856 4# - Електронен адрес и достъп
Електронен формат pdf - файл
856 4# - Електронен адрес и достъп
Електронен формат pdf - файл
999 ## - СИСТЕМНИ КОНТРОЛНИ НОМЕРА
Koha biblionumber 182639
Koha biblioitemnumber 182639
942 ## - АРТИКУЛИ
Вид на библиотечния материал Книги
Скрит в OPAC Не
Периодичен библиозапис Да
944 ## - СЪЗДАВАНЕ И РЕДАКЦИЯ на ЗАПИСА
Създаване/Редакция Създаване
Дата на регистрацията/редакция 05.10.2016
Служител, извършил регистрацията/редакцията Ирена_Линкова
944 ## - СЪЗДАВАНЕ И РЕДАКЦИЯ на ЗАПИСА
Създаване/Редакция Редакция
Дата на регистрацията/редакция 05.10.2016
Служител, извършил регистрацията/редакцията Ирена_Линкова
999 ## - СИСТЕМНИ КОНТРОЛНИ НОМЕРА
Koha biblioitemnumber 182639
Наличности
Код за отписване Код за изгубен артикул Източник на класификационната схема Код за повреда Коз за рестрикции Код за отдаване Артикулен № Име на библиотеката - собственик Име на библиотеката, в която се намира в момента Статус (Текущо местоположение) Дата на вписване в системата Местоположение - отдел Цена в лева Инвентарен номер Систематично азбучна сигнатура Баркод Номер на екземпляра Цена в евро Служебна бележка Служебен тип на артикула
Изтеглен Не е изгубен Universal Decimal Classification Не е повреден без рестрикции заемане за дома 313940 Регионална библиотека "Любен Каравелов" Русе Регионална библиотека "Любен Каравелов" Русе Заемна - подръчен фонд 1972-01-01 Заемна - подръчен фонд 1.76 119430 П 630/Д 14 119430 1 0.90 Дост: Pk Вид: Ф N: сф Дата: 01.01.1972 Книги
  Не е изгубен Universal Decimal Classification Не е повреден само за читалня ползва се в читалня 313941 Регионална библиотека "Любен Каравелов" Русе Регионална библиотека "Любен Каравелов" Русе Хранилище 1972-01-01 Хранилище 1.76 118345 Цб 63520 120000118345 2 0.90 Дост: Dp Вид: Д N: кф Дата: 01.01.1972 Книги
Vip Innovations Ltd, Rousse, Bulgaria 2025